Marketing : contemporary dimensions /

Сохранить в:
Библиографические подробности
Главный автор: Boone, Louis E
Другие авторы: Kurtz,David L., Pride, William M., 1942-, Ferrell, O. C.
Формат:
Опубликовано: Fortworth : The Dryden Press, c1999.
Предметы:
Метки: Добавить метку
Нет меток, Требуется 1-ая метка записи!

MARC

LEADER 00000cam a2200000 i 4500
020 |a 003022313x  |c TZS 40,000 
040 |a MUL  |b eng  |e AACR 
082 0 0 |a 658.8 BOO 
100 |a Boone, Louis E 
245 0 0 |a Marketing :  |b contemporary dimensions /  |c Louis E.Boone and David L. Kurtz 
260 |a Fortworth :  |b The Dryden Press,  |c c1999. 
300 |a xvii, various pagings. :  |b ill. ;  |c 24 cm. 
504 |a Includes bibliographical references. 
650 0 |a Marketing. 
700 1 |a Kurtz,David L. 
700 1 |a Pride, William M.,  |d 1942- 
700 1 |a Ferrell, O. C. 
942 |c BK 
999 |c 6011  |d 6011